| 000 | 00801nam a22001937a 4500 | ||
|---|---|---|---|
| 999 |
_c194515 _d194515 |
||
| 005 | 20230504113847.0 | ||
| 010 | _aB-748093-100 E.N.A./7.11.22 | ||
| 020 |
_a9789390186556 _c565.00 |
||
| 035 | _aB-748093-100 | ||
| 037 | _bPragati Prakashan | ||
| 082 | _a535 | ||
| 100 | _aPrakash, Satya | ||
| 245 |
_aOptics (with Lasers): _bfor three year degree course according to UGC syllabus of all Indian Universities/ _cSatya Prakash |
||
| 260 |
_aMeerut _bPragati Prakashan _c2021 |
||
| 270 |
_aPragati Bhawan 240, W.K. Road _bMeerut _e250001 |
||
| 300 |
_a819p. _c24cm(pbk) |
||
| 942 |
_2ddc _cEN _mPRA _h535 |
||